000 00473nam a22001817a 4500
003 UA-OsUOA
001 25603
007 ta
008 20040329b un ||||| |||| 00| 0 ukr d
100 _aПапети О. і С.
942 _cSA
040 _aUA-OsUOA
_cUA-OsUOA
_dUA-OsUOA
245 _aФормула ідеальної втечі
300 _aС.132-135
955 _a0
773 0 _w0
_tСучасність
_dКиїв
_d2004
_g№3
650 7 _aМистецтво
_2UDC
999 _c311901
_d311901